Geografía poética de Chile: la Frontera

Enregistré dans:
Détails bibliographiques
Collectivités auteurs: DIBAM (Auteur), Dirección de Bibliotecas, Archivos y Museos (Auteur), Banco del Estado de Chile (Auteur)
Format: Livre
Langue:espagnol
Publié: Santiago Antártica 1995
Édition:1a. ed
Sujets:
Tags: Ajouter un tag
Pas de tags, Soyez le premier à ajouter un tag!

MARC

LEADER 00000nam a2200000 a 4500
001 UCU3349
003 CL-VaPUC
005 20250116151127.0
008 960510e19951116CL |||||||||||||||||spa|d
999 |c 247380  |d 247378 
040 |c Pontificia Universidad Católica de Valparaíso 
082 0 4 |a Ch861  |b DIB  |2 21 
110 2 |a DIBAM  |e author  |9 360226 
245 1 0 |a Geografía poética de Chile: la Frontera 
250 |a 1a. ed 
260 |a Santiago  |b Antártica  |c 1995 
300 |a 108 p 
583 |a last modification  |c 19960510 00:00:00  |k Rodrigo Vera 
600 0 |a Neruda, Pablo,  |d 1904-1973  |e autor  |9 471955 
600 0 7 |a ROJAS, GONZALO  |2 CL-VaPUC  |9 319345 
600 0 7 |a DURAND, LUIS  |2 CL-VaPUC  |9 360229 
600 0 7 |a Ovalle, Alonso de,  |d 1601-1651  |9 879554 
600 0 |a Teillier, Jorge,   |d 1935-1996  |9 326721 
600 0 7 |a VERNIORY, GUSTAVE  |2 CL-VaPUC  |9 360231 
600 0 7 |a CONTRERAS BATARCE, JUAN  |2 CL-VaPUC  |9 360232 
600 0 7 |a VENTURELLI ABAD, GINO  |2 CL-VaPUC  |9 360233 
600 0 7 |a GODOY SILVA, CARLOS  |2 CL-VaPUC  |9 360234 
600 0 7 |a VALLE, JUVENCIO  |2 CL-VaPUC  |9 360235 
600 0 7 |a VULLIAMY, LUIS  |2 CL-VaPUC  |9 360236 
600 0 7 |a GARCIA DIAZ, EUGENIO  |2 CL-VaPUC  |9 360237 
600 0 7 |a MELLADO CASTRO, RAUL  |2 CL-VaPUC  |9 360238 
600 0 7 |a JOVET, JORGE  |2 CL-VaPUC  |9 360239 
600 0 |a Teillier, Jorge,   |d 1935-1996  |9 326721 
600 0 7 |a Lienlaf Lienlaf, Leonel Iván  |d 1969-  |9 860646 
600 0 7 |a WINTER, AUGUSTO  |2 CL-VaPUC  |9 360241 
600 0 7 |a MUÑOZ LAGOS, MARINO  |2 CL-VaPUC  |9 345721 
600 0 |a Chihuailaf Nahuelpan, Elicura  |9 360242 
600 0 7 |a YANKAS, LAUTARO  |2 CL-VaPUC  |9 319152 
600 0 7 |a BRUNET, MARTA  |2 CL-VaPUC  |9 352823 
600 0 7 |a GUIÑEZ, PABLO  |2 CL-VaPUC  |9 360243 
600 0 7 |a QUEUPUL QUINTREMIL, SEBASTIAN  |2 CL-VaPUC  |9 360244 
600 0 7 |a EYTEL, GUIDO  |2 CL-VaPUC  |9 360245 
650 0 |a Poesías chilenas   |9 265280 
650 0 |a Antologías  |9 309836 
651 7 |a LA FRONTERA  |2 CL-VaPUC  |9 360246 
651 7 |a TEMUCO  |2 CL-VaPUC  |9 360247 
710 2 |a Dirección de Bibliotecas, Archivos y Museos  |e author  |9 360227 
710 2 |a Banco del Estado de Chile  |e author  |9 360228 
942 |c BK  |2 ddc 
945 |d 19960510 00:00:00  |a rbrito 
952 |0 0  |1 0  |4 0  |6 CH_861_000000000000000_DIB_1995  |7 0  |8 A  |9 263268  |a BIBART  |b BIBART  |d 2019-11-19  |i 3196585  |o Ch861 DIB 1995  |p 3196585  |r 2025-03-13  |w 2019-11-19  |y BK  |k ART 
952 |0 0  |1 0  |4 0  |6 CH_861_000000000000000_DIB_1995  |7 0  |8 X  |9 263269  |a FDOBUD  |b FDOBUD  |d 2019-11-19  |i 1060368  |o Ch861 DIB 1995  |p 1060368  |r 2019-11-19  |w 2019-11-19  |y BK_X  |k BUD